LEADER 01424nam0 2200277 450 001 000040708 005 20150605114727.0 100 $a20150528d2015----km-y0itay50------ba 101 0 $aeng 102 $aIT 105 $aa---m-------- 200 1 $a<> record of the Early Aptian Oceanic Anoxic Event 1a (Selli Event) in the Apulian and Apennine Carbonate Platforms (Southern Italy)$bTesi di dottorato$fDottorando: Maria Lechler$gCoordinatore: Giuseppe Spilotro$gTutor: Giacomo Prosser, Mariano Parente, Hugh Jenkyns 210 $a[Potenza]$d[2015] 215 $a150 p.$cill.$d30 cm. 328 1$aTesi di dottorato: Università della Basilicata, Dottorato di ricerca in Scienze della Terra, XXVII ciclo, A.a. 2013-2014 676 $a560.45$v(22. ed.)$9Paleoecologia e fossili di specifici ambienti 686 $aGEO/02$cGeologia stratigrafica e sedimentologica 700 1$aLechler,$bMaria$0447590 801 0$aIT$bUniversità della Basilicata - B.I.A.$gREICAT$2unimarc 912 $a000040708 996 $aRecord of the Early Aptian Oceanic Anoxic Event 1a (Selli Event) in the Apulian and Apennine Carbonate Platforms (Southern Italy$9104670 997 $aUNIBAS CAT $aSTD103$b01$c20150528$lBAS01$h1319 CAT $aTTM$b30$c20150605$lBAS01$h1147 FMT Z30 -1$lBAS01$LBAS01$mBOOK$1BASA2$APolo Tecnico-Scientifico$2TDO$BTesi di Dottorato$3TDS.27c.LM1$640708-10$54070810$820150528$f98$FConsultazione LEADER 01622nam 2200409 450 001 000013705 005 20050718115500.0 010 $a88-206-0869-3 100 $a20030526d1981----km-y0itay0103----ba 101 0 $aita 102 $aIT 200 1 $aMalattie delle piante ortensi$fAlberto Matta, Angelo Garibaldi 205 $a2. ed. 210 $aBologna$cEdagricole$d1981 215 $aVIII, 248 p.$cill.$d21 cm. 606 $aOrtaggi$xMalattie 676 $a635.049$v(21. ed.)$9Orticoltura. Danni, malattie, organismi nocivi 700 1$aMatta,$bAlberto$070482 701 1$aGaribaldi,$bAngelo$070483 801 0$aIT$bUniversità della Basilicata - B.I.A.$gRICA$2unimarc 912 $a000013705 996 $aMalattie delle piante ortensi$981164 997 $aUNIBAS BAS $aMONAGR BAS $aAGRARIA CAT $aSTD024$b01$c20030526$lBAS01$h1722 CAT $aTORRE$b20$c20050415$lBAS01$h1000 CAT $aTORRE$b20$c20050415$lBAS01$h1107 CAT $c20050601$lBAS01$h1755 CAT $abatch$b01$c20050718$lBAS01$h1052 CAT $c20050718$lBAS01$h1111 CAT $c20050718$lBAS01$h1141 CAT $c20050718$lBAS01$h1155 FMT Z30 -1$lBAS01$LBAS01$mBOOK$1BASA2$APolo Tecnico-Scientifico$2DID$BDidattica$3PTS.s3.p50.15$670480$5A70480$820030526$f04$FPrestabile Didattica Z30 -1$lBAS01$LBAS01$mBOOK$1BASA2$APolo Tecnico-Scientifico$2DID$BDidattica$3PTS.s3.p50.15A$681977$5A81977$820030529$f04$FPrestabile Didattica Z30 -1$lBAS01$LBAS01$mBOOK$1BASA2$APolo Tecnico-Scientifico$2DID$BDidattica$3PTS.s3.p50.15B$681978$5A81978$820030526$f04$FPrestabile Didattica